<?xml version="1.0" encoding="UTF-8"?>
<record
    xmlns:xsi="http://www.w3.org/2001/XMLSchema-instance"
    xsi:schemaLocation="http://www.loc.gov/MARC21/slim http://www.loc.gov/standards/marcxml/schema/MARC21slim.xsd"
    xmlns="http://www.loc.gov/MARC21/slim">

  <leader>00860nam a22002297a 4500</leader>
  <controlfield tag="005">20100810150721.0</controlfield>
  <datafield tag="010" ind1=" " ind2=" ">
    <subfield code="a">ENG-99241</subfield>
  </datafield>
  <datafield tag="020" ind1=" " ind2=" ">
    <subfield code="c">140.00</subfield>
  </datafield>
  <datafield tag="035" ind1=" " ind2=" ">
    <subfield code="a">EN-82773</subfield>
  </datafield>
  <datafield tag="037" ind1=" " ind2=" ">
    <subfield code="b">DBAD/PUB</subfield>
  </datafield>
  <datafield tag="082" ind1=" " ind2=" ">
    <subfield code="a">658.45</subfield>
  </datafield>
  <datafield tag="100" ind1=" " ind2=" ">
    <subfield code="a">Rai, Urmila </subfield>
    <subfield code="9">10297</subfield>
  </datafield>
  <datafield tag="245" ind1=" " ind2=" ">
    <subfield code="a">Bussiness communication (for B. M. S.) /</subfield>
    <subfield code="c">by Urmila Rai [and] S. M. Rai </subfield>
  </datafield>
  <datafield tag="260" ind1=" " ind2=" ">
    <subfield code="a">New Delhi</subfield>
    <subfield code="b">Himalaya Publishing House</subfield>
    <subfield code="c">2008</subfield>
  </datafield>
  <datafield tag="270" ind1=" " ind2=" ">
    <subfield code="a">"Pooja Apartments", 4-B, Murari Lal Street, Ansari Road, Darya Ganj </subfield>
    <subfield code="b">New Delhi</subfield>
    <subfield code="e">110002</subfield>
  </datafield>
  <datafield tag="300" ind1=" " ind2=" ">
    <subfield code="a">219p.</subfield>
    <subfield code="c">24cm (pbk)</subfield>
  </datafield>
  <datafield tag="650" ind1=" " ind2=" ">
    <subfield code="a">Communication in organisations</subfield>
    <subfield code="9">10298</subfield>
  </datafield>
  <datafield tag="650" ind1=" " ind2=" ">
    <subfield code="a">Bussiness waiting</subfield>
    <subfield code="9">10299</subfield>
  </datafield>
  <datafield tag="700" ind1=" " ind2=" ">
    <subfield code="a">Rai, S. M.</subfield>
    <subfield code="9">10300</subfield>
  </datafield>
  <datafield tag="942" ind1=" " ind2=" ">
    <subfield code="2">ddc</subfield>
    <subfield code="c">EN</subfield>
    <subfield code="h">658.45</subfield>
    <subfield code="m">RAI</subfield>
  </datafield>
  <datafield tag="999" ind1=" " ind2=" ">
    <subfield code="c">40728</subfield>
    <subfield code="d">40728</subfield>
  </datafield>
  <datafield tag="952" ind1=" " ind2=" ">
    <subfield code="0">0</subfield>
    <subfield code="1">0</subfield>
    <subfield code="4">0</subfield>
    <subfield code="7">1</subfield>
    <subfield code="8">NFIC</subfield>
    <subfield code="a">DBAD</subfield>
    <subfield code="b">DBAD</subfield>
    <subfield code="d">2010-08-10</subfield>
    <subfield code="e">DBAD/PUB</subfield>
    <subfield code="g">140.00</subfield>
    <subfield code="l">0</subfield>
    <subfield code="o">658.45 RAI</subfield>
    <subfield code="p">EN-82773</subfield>
    <subfield code="r">2010-08-10 00:00:00</subfield>
    <subfield code="t">1</subfield>
    <subfield code="v">140.00</subfield>
    <subfield code="w">2010-08-10</subfield>
    <subfield code="y">EN</subfield>
  </datafield>
</record>
